000
00279nam a2200121Ia 4500
008
190216s9999||||xx |||||||||||||| ||und||
100
_a
Mahajan Vd
245
0
_a
Modern Indian History
260
_b
S Chand & Co
_c
2000
300
_a
685p
650
_a
Indian History
942
_c
BK
999
_c
21906
_d
21906